Vplyv garancie vkladov na vývoj investícií v druhom pilieri dôchodkového systému

Štruktúra dôchodkového systému na Slovensku. Dôchodkové správcovské spoločnosti, ktoré podnikajú v oblasti dôchodkového sporenia. Štyri typy fondov, ktoré aktuálne spravujú dôchodkové správcovské spoločnosti. Spravované fondy a investovanie.

Guardado en:
Detalles Bibliográficos
Autor principal: Bombová, Zuzana
Formato: Capítulo de libro
Lenguaje:eslovaco
Materias:
Etiquetas: Agregar Etiqueta
Sin Etiquetas, Sea el primero en etiquetar este registro!

MARC

LEADER 00000nla a2200000 4500
001 0164691
005 20240502072856.6
041 0 |a slo 
044 |a SK 
245 1 0 |a Vplyv garancie vkladov na vývoj investícií v druhom pilieri dôchodkového systému  |c Zuzana Bombová 
520 |a Štruktúra dôchodkového systému na Slovensku. Dôchodkové správcovské spoločnosti, ktoré podnikajú v oblasti dôchodkového sporenia. Štyri typy fondov, ktoré aktuálne spravujú dôchodkové správcovské spoločnosti. Spravované fondy a investovanie. 
610 2 0 |a investície 
610 2 0 |a spoločnosti dôchodkové doplnkové 
610 2 0 |a fondy akciové 
610 2 0 |a fondy dlhopisové 
610 2 0 |a akcie 
610 2 0 |a dôchodky starobné 
610 2 0 |a reformy dôchodkové 
610 2 0 |a Slovensko 
100 1 |a Bombová, Zuzana